书目信息 |
| 题名: |
企业会计准则案例讲解
|
|
| 作者: | ;企业会计准则编审委员会 编 | |
| 分册: | ||
| 出版信息: | 上海 立信会计出版社 2012 |
|
| 页数: | 572页 | |
| 开本: | 24cm | |
| 丛书名: | ||
| 单 册: | ||
| 中图分类: | F279.23 | |
| 科图分类: | ||
| 主题词: | 企业--会计准则--案例--中国--教材 , 企业 , 会计准则 | |
| 电子资源: | ||
| ISBN: | 978-7-5429-3338-6 | |
| 000 | 01006nam0 22002651 450 | |
| 001 | 524 | |
| 005 | 20140909092908.46 | |
| 010 | @a978-7-5429-3338-6@dCNY78.00 | |
| 100 | @a20120502d2012 em y0chiy50 ea | |
| 101 | 0 | @achi |
| 102 | @aCN@b310000 | |
| 105 | @ay z 000yy | |
| 106 | @ar | |
| 200 | 1 | @a企业会计准则案例讲解@AQi Ye Hui Ji Zhun Ze An Li Jiang Jie@e2012年版@E2012 Nian Ban@f企业会计准则编审委员会编@FQi Ye Hui Ji Zhun Ze Bian Shen Wei Yuan Hui Bian |
| 210 | @a上海@c立信会计出版社@d2012 | |
| 215 | @a572页@d24cm | |
| 300 | @a企业会计准则指定培训教材 | |
| 330 | @a本书共三十九章,内容包括:存货、长期股权投资、投资性房地产、固定资产、生物资产、无形资产、非货币性资产交换、资产减值、职工薪酬、企业年金基金等。 | |
| 606 | 0 | @a企业@x会计准则@x案例@y中国@j教材 |
| 606 | 0 | @a企业 |
| 606 | 0 | @a会计准则 |
| 690 | @aF279.23@v5 | |
| 711 | 02 | @a企业会计准则编审委员会@AQi Ye Hui Ji Zhun Ze Bian Shen Wei Yuan Hui@4编 |
| 801 | 0 | @aCN@bTANGWEI@c20140603 |
| 905 | @b0837327-29@dF279.23@e1134@f3 | |
| 企业会计准则案例讲解:2012年版/企业会计准则编审委员会编.-上海:立信会计出版社,2012 |
| 572页;24cm |
| 企业会计准则指定培训教材 |
| ISBN 978-7-5429-3338-6:CNY78.00 |
| 本书共三十九章,内容包括:存货、长期股权投资、投资性房地产、固定资产、生物资产、无形资产、非货币性资产交换、资产减值、职工薪酬、企业年金基金等。 |
| ● |
| 相关链接 |
|
|
|
|
正题名:企业会计准则案例讲解
索取号:F279.23/1134
 
预约/预借
| 序号 | 登录号 | 条形码 | 馆藏地/架位号 | 状态 | 备注 |
| 1 | 0837327 | 208373277 | 第一样本阅览室/ [索取号:F279.23/1134] | 在馆 | |
| 2 | 0837328 | 208373286 | 第一借阅区/ [索取号:F279.23/1134] | 在馆 | |
| 3 | 0837329 | 208373295 | 密集书库-海洋学院/ [索取号:F279.23/1134] | 在馆 |